| Record ID | ia:homesicktexancoo0000fain |
| Source | Internet Archive |
| Download MARC XML | https://archive.org/download/homesicktexancoo0000fain/homesicktexancoo0000fain_marc.xml |
| Download MARC binary | https://www.archive.org/download/homesicktexancoo0000fain/homesicktexancoo0000fain_meta.mrc |
LEADER: 01006cam a2200277 a 4500
001 2011018471
003 DLC
005 20120413082813.0
008 110520s2011 nyua 001 0 eng
010 $a 2011018471
020 $a9781401324261 (hardback)
040 $aDLC$cDLC$dDLC
042 $apcc
043 $an-usu--$an-us-tx
050 00 $aTX715.2.S69$b.F35 2011
082 00 $a641.59764$223
084 $aCKB000000$2bisacsh
100 1 $aFain, Lisa.
245 14 $aThe homesick Texan cookbook /$cLisa Fain.
250 $a1st ed.
260 $aNew York, NY :$bHyperion,$cc2011.
300 $aix, 357 p. :$bcol. ill. ;$c26 cm.
520 $a"Stories and photographs that will both reconnect and introduce people to the joy of Texas, and 150 versatile recipes that highlight the state's rich food traditions, appropriate for both Texans and non-Texans alike"--$cProvided by publisher.
650 0 $aCooking, American$xSouthwestern style.
650 0 $aCooking$zTexas.
650 7 $aCOOKING / General.$2bisacsh